|
|
|
|
| LEADER |
00000naa2a2200000 4500 |
| 001 |
449937 |
| 005 |
20231220140123.0 |
| 035 |
|
|
|a (RuTPU)RU\TPU\prd\112058
|
| 035 |
|
|
|a RU\TPU\prd\48816
|
| 090 |
|
|
|a 449937
|
| 100 |
|
|
|a 20110608a2006 k y0rusy50 ca
|
| 101 |
0 |
|
|a rus
|
| 102 |
|
|
|a RU
|
| 200 |
1 |
|
|a Физическая мезомеханика деформируемого твердого тела как многоуровневой системы. 3. Неупругий предвестник зарождения пластического сдвига
|f В. Е. Панин [и др.]
|
| 320 |
|
|
|a Библиогр.: 15 назв.
|
| 330 |
|
|
|a В развитие предыдущих работ авторов рассмотрена проблема зарождения пластического сдвига в деформируемом твердом теле на основе многоуровневого подхода физической мезомеханики. Развит метод стохастических возбудимых клеточных автоматов, позволяющий учитывать самоорганизацию конфигурационных возмущений различных масштабов в системе "поверхностный слой - его интерфейс с подложкой". Показано, что любой пластический сдвиг может зарождаться только в зонах растягивающих нормальных напряжений, которые формируют в кристалле неупругие конфигурационные возмущения как предвестник пластического сдвига
|
| 461 |
|
1 |
|0 (RuTPU)RU\TPU\prd\353
|x 1683-805X
|t Физическая мезомеханика
|f Институт физики прочности и материаловедения ; Российская академия наук (РАН), Сибирское отделение (СО), Институт физики прочности и материаловедения (ИФПМ)
|d 1998-
|
| 463 |
|
1 |
|0 (RuTPU)RU\TPU\prd\112057
|t Т. 9, № 5
|v С. 5-15
|d 2006
|
| 610 |
1 |
|
|a физическая мезомеханика
|
| 610 |
1 |
|
|a твердое тело
|
| 610 |
1 |
|
|a возбудимые клеточные автоматы
|
| 610 |
1 |
|
|a возмущения
|
| 610 |
1 |
|
|a деформируемые материалы
|
| 610 |
1 |
|
|a многоуровневая система
|
| 610 |
1 |
|
|a пластические сдвиги
|
| 610 |
1 |
|
|a предвестники
|
| 610 |
1 |
|
|a труды учёных ТПУ
|
| 701 |
|
1 |
|a Панин
|b В. Е.
|c специалист в области физики и механики деформируемого твердого тела, физического материаловедения
|c доктор физико-математических наук, профессор Томского политехнического университета
|c зав. кафедрой материаловедения в машиностроении
|c директор Российского материаловедческого центра
|c научный руководитель института физики прочности и материаловедения СО РАН
|f 1930-
|g Виктор Евгеньевич
|3 (RuTPU)RU\TPU\pers\12102
|
| 701 |
|
1 |
|a Моисеенко
|b Д. Д.
|
| 701 |
|
1 |
|a Максимов
|b П. В.
|
| 701 |
|
1 |
|a Панин
|b А. В.
|c физик
|c профессор Томского политехнического университета, доктор физико-математических наук
|f 1971-
|g Алексей Викторович
|3 (RuTPU)RU\TPU\pers\31424
|9 15588
|
| 801 |
|
1 |
|a RU
|b 63413507
|c 20070123
|g PSBO
|
| 801 |
|
2 |
|a RU
|b 63413507
|c 20150521
|g RCR
|
| 942 |
|
|
|c BK
|